The mixed methods research workbook activities for designing, implementing, and publishing projects
Uloženo v:
| Hlavní autor: | |
|---|---|
| Médium: | Kniha |
| Jazyk: | angličtina |
| Vydáno: |
SAGE
2020
|
| Tagy: |
Přidat tag
Žádné tagy, Buďte první, kdo vytvoří štítek k tomuto záznamu!
|
MARC
| LEADER | 00000nam a22000007a 4500 | ||
|---|---|---|---|
| 008 | 230727b |||||||| |||| 00| 0 eng d | ||
| 020 | |a 9781506393599 | ||
| 100 | |a FETTERS, Michael D. | ||
| 245 | |a The mixed methods research workbook |b activities for designing, implementing, and publishing projects |c Michael D. Fetters |g xv, 293p;ill | ||
| 260 | |b SAGE |c 2020 |h Los Angeles |i 699983 |i 699984 |l H62.F43 |m Mixed methods research |m Research -Methodology | ||
| 500 | |a it include references and index | ||
| 942 | |a lcc |c BK |e Johnson |f 27/07/23 | ||
| 952 | |0 0 |1 0 |2 lcc |4 0 |6 H0062 F43 |7 0 |9 4310 |a SSL |b HOL |c GJ |d 2023-07-27 |l 0 |o H62.F43 |p 2023-0236 |r 2023-07-27 00:00:00 |t 699983 |w 2023-07-27 |y BK | ||
| 952 | |0 0 |1 0 |2 lcc |4 0 |6 H0062 F43 |7 0 |9 4311 |a HOL |b HOL |c GJ |d 2023-07-27 |l 0 |o H62.F43 |p 2023-0237 |r 2023-07-27 00:00:00 |t 699984 |w 2023-07-27 |y BK | ||
| 999 | |c 2165 |d 2165 | ||